| 000 | 00532nam a2200193Ia 4500 | ||
|---|---|---|---|
| 008 | 220216s9999 xx 000 0 und d | ||
| 100 | _aWang Ying | ||
| 245 | 0 | _aTransfer of GAI gene into Hevea brasiliensis by particle bombardment | |
| 260 |
_bJournal of Tropical and Subtropical Botany _c2006 |
||
| 300 | _a179-182 | ||
| 650 | _aGAI gene | ||
| 650 | _aGene transfer | ||
| 650 | _aGenetic transformation | ||
| 700 | _aChen XinongTing | ||
| 700 | _aPeng Ming | ||
| 700 | _aZhang XiuJuan | ||
| 856 | _uCAB CD | ||
| 942 | _cJS | ||
| 999 |
_c71471 _d71471 |
||